[Event "GEO-ch (Women) 1st League 78th"]
[Site "Tbilisi"]
[Date "2021.03.26"]
[Round "9"]
[White "Bedoshvili, Dea"]
[Black "Mkrtchyan, Aida"]
[Result "1-0"]
[WhiteElo "1667"]
[BlackElo "1156"]
[PlyCount "55"]
[EventDate "2021.03.18"]
[EventType "swiss"]
[EventRounds "9"]
[EventCountry "GEO"]
[SourceTitle "CBM 201 Extra"]
[Source "ChessBase"]
[SourceDate "2021.05.31"]
[SourceVersion "1"]
[SourceVersionDate "2021.05.31"]
[SourceQuality "1"]

1. d4 e6 2. Nf3 d5 3. g3 c5 4. Bg2 Nc6 5. 0-0 Qb6 6. c3 Nge7 7. dxc5 Qxc5 8. b3 b5 9. Ba3 b4 10. cxb4 Nxb4 11. Qd2 a5 12. Rc1 Qb6 13. Nc3 Nf5 14. Na4 Qb5 15. g4 Nd6 16. Nd4 Qb8 17. Qe3 Be7 18. Bxb4 axb4 19. Bxd5 exd5 20. Nc6 Qb7 21. Nb6 Be6 22. Nxa8 Qxa8 23. Qe5 Ne4 24. Nxe7 Kxe7 25. Rc7+ Kf8 26. f3 Nc3 27. Qd6+ Kg8 28. Rb7 1-0

[Event "GEO-ch (Women) 1st League 78th"]
[Site "Tbilisi"]
[Date "2021.03.21"]
[Round "4"]
[White "Mgeladze, Kesaria"]
[Black "Mkrtchyan, Aida"]
[Result "1-0"]
[WhiteElo "1380"]
[BlackElo "1156"]
[PlyCount "45"]
[EventDate "2021.03.18"]
[EventType "swiss"]
[EventRounds "9"]
[EventCountry "GEO"]
[SourceTitle "CBM 201 Extra"]
[Source "ChessBase"]
[SourceDate "2021.05.31"]
[SourceVersion "1"]
[SourceVersionDate "2021.05.31"]
[SourceQuality "1"]

1. e4 e6 2. d4 d5 3. Nc3 Nf6 4. Bg5 h6 5. Bxf6 gxf6 6. exd5 exd5 7. Qf3 c6 8. 0-0-0 Rg8 9. Re1+ Be6 10. Bd3 Nd7 11. Qh5 Qe7 12. f4 Rxg2 13. f5 0-0-0 14. fxe6 fxe6 15. Qh3 Qg7 16. Qxe6 Qg5+ 17. Kb1 Bb4 18. Nge2 Rg8 19. Bf5 Rg7 20. h4 Qd2 21. Rd1 Qxd1+ 22. Rxd1 Re7 23. Qxf6 1-0

[Event "GEO-ch (Women) 1st League 78th"]
[Site "Tbilisi"]
[Date "2021.03.19"]
[Round "2"]
[White "Mkrtchyan, Aida"]
[Black "Nikoladze, Sopio"]
[Result "0-1"]
[WhiteElo "1156"]
[BlackElo "2132"]
[PlyCount "54"]
[EventDate "2021.03.18"]
[EventType "swiss"]
[EventRounds "9"]
[EventCountry "GEO"]
[SourceTitle "CBM 201 Extra"]
[Source "ChessBase"]
[SourceDate "2021.05.31"]
[SourceVersion "1"]
[SourceVersionDate "2021.05.31"]
[SourceQuality "1"]

1. e4 d6 2. d4 Nf6 3. e5 dxe5 4. dxe5 Qxd1+ 5. Kxd1 Ng4 6. Ke1 Nxe5 7. Bf4 Nbc6 8. Bb5 Bd7 9. Nc3 0-0-0 10. Nge2 Ng6 11. Be3 Nb4 12. Bxd7+ Rxd7 13. Rc1 e5 14. Nb5 a6 15. a3 Nd5 16. Nbc3 Nxe3 17. fxe3 Bc5 18. Nd1 f5 19. b4 Be7 20. c4 Rhd8 21. Rf1 f4 22. e4 Rd3 23. Nec3 Bh4+ 24. Nf2 Re3+ 25. Ne2 f3 26. gxf3 Nf4 27. Rc2 Ng2# 0-1